Para una pedagogía integral vivenciada: programa de psicomotricidad

שמור ב:
מידע ביבליוגרפי
Main Authors: Balcells Gene, Jordi (Author), Muñoz Vicen, Anna María (Author)
פורמט: ספר
שפה:ספרדית
יצא לאור: Madrid CEPE 1981
סדרה:Colección educación especial, 6
נושאים:
תגים: הוספת תג
אין תגיות, היה/י הראשונ/ה לתייג את הרשומה!

MARC

LEADER 00000nam a2200000 a 4500
001 UCY8986
003 CL-VaPUC
008 950707e19810000SP |||||||||||||||||spa|d
082 0 4 |a 371.92  |b BAL  |2 21 
100 0 |a Balcells Gene, Jordi  |e author  |9 340925 
700 0 |a Muñoz Vicen, Anna María  |e author  |9 340926 
245 1 0 |a Para una pedagogía integral vivenciada: programa de psicomotricidad 
300 |a 192 p 
942 |c BK 
945 |d 19950707 00:00:00  |a cmena 
260 |a Madrid  |b CEPE  |c 1981 
650 0 |a Educación especial  |9 307486 
650 0 |a Deficiencia mental  |9 334734 
650 0 |a Minusválidos mentales  |9 311830 
650 7 |a PSICOMOTRICIDAD  |2 CL-VaPUC  |9 241072 
650 0 |a Métodos de enseñanza  |9 270413 
650 0 |a Rol del docente  |9 329733 
650 7 |a RELACION DOCENTE ALUMNO  |2 CL-VaPUC  |9 307734 
583 |a last modification  |c 19950707 00:00:00  |k Rodrigo Vera 
490 0 |a Colección educación especial, 6 
999 |c 236162  |d 236160 
952 |0 0  |1 0  |4 0  |6 371_920000000000000_BAL_1981  |7 0  |8 P  |9 244045  |a BIBEDU  |b BIBEDU  |c BIBEDU_PB  |d 2019-11-18  |i 153131K  |o 371.92 BAL 1981  |p 153131K  |r 2024-01-25  |w 2019-11-18  |y BK  |k EDU